[Event "Valencia Manises-B"]
[Site "Valencia"]
[Date "2012.05.05"]
[Round "1"]
[White "Nieto Tornero, Jose"]
[Black "Villalba Izquierdo, Pere"]
[Result "0-1"]
[WhiteElo "2016"]
[BlackElo "2122"]
[PlyCount "72"]
[EventDate "2012.05.05"]
[EventType "tourn"]
[EventRounds "9"]
[EventCountry "ESP"]
[SourceTitle "EXT 2014"]
[Source "ChessBase"]
[SourceDate "2013.11.20"]
[SourceVersion "1"]
[SourceVersionDate "2013.11.20"]
[SourceQuality "1"]

1. e4 g6 2. Nf3 Bg7 3. d4 d6 4. Bc4 a6 5. a4 b6 6. 0-0 e6 7. Qe2 Ne7 8. c3 Bb7 9. Ng5 h6 10. Nh3 0-0 11. f4 d5 12. exd5 Bxd5 13. Nd2 a5 14. Re1 Nd7 15. Bxd5 Nxd5 16. Nf3 c5 17. Bd2 cxd4 18. cxd4 N7f6 19. Ne5 Nb4 20. Bc3 Nfd5 21. Bxb4 Nxb4 22. Qe4 Qd5 23. Qxd5 Nxd5 24. Rac1 Rac8 25. Kf1 Rfd8 26. Nc6 Rd7 27. Ne5 Rdc7 28. Rcd1 Bxe5 29. fxe5 Rc4 30. b3 Rb4 31. Rd3 Rc3 32. Rxc3 Nxc3 33. Nf2 Rxb3 34. Re3 Rb1+ 35. Re1 Rxe1+ 36. Kxe1 Nxa4 0-1

[Event "Manises Provincial-ch"]
[Site "Manises"]
[Date "2011.10.15"]
[Round "2"]
[White "Rubio Tent, Francisco"]
[Black "Villalba Izquierdo, Pere"]
[Result "0-1"]
[WhiteElo "2037"]
[BlackElo "2169"]
[PlyCount "138"]
[EventDate "2011.10.01"]
[EventType "swiss"]
[EventRounds "7"]
[EventCountry "ESP"]
[SourceTitle "EXT 2013"]
[Source "ChessBase"]
[SourceDate "2012.11.22"]
[SourceVersion "1"]
[SourceVersionDate "2012.11.22"]
[SourceQuality "1"]

1. d4 g6 2. c4 Bg7 3. Nc3 d6 4. e4 Nc6 5. Be3 e5 6. d5 Nce7 7. g4 f5 8. gxf5 gxf5 9. Qh5+ Ng6 10. exf5 Qh4 11. Qf3 N6e7 12. Nb5 Kd8 13. Qg2 Bh6 14. Nf3 Qf6 15. Ng5 Nxf5 16. Bd2 Nge7 17. 0-0-0 Ng6 18. Rg1 Nf4 19. Bxf4 exf4 20. Nf3 Bd7 21. Nc3 Re8 22. Kb1 Kc8 23. Bd3 b6 24. Ne4 Qf8 25. Nfg5 Bg7 26. Ne6 Bxe6 27. dxe6 Kb8 28. c5 Be5 29. Bb5 f3 30. Qxf3 Ne7 31. Qxf8 Rxf8 32. cxd6 cxd6 33. Nxd6 a6 34. Bf1 Rxf2 35. Nc4 Bf6 36. Bg2 Ra7 37. Rd8+ Nc8 38. Rf8 Rc7 39. Bd5 b5 40. Rxf6 Rxf6 41. Ne5 Rf5 42. Nd7+ Ka7 43. Bb3 Rf2 44. Re1 Ne7 45. h4 a5 46. a4 bxa4 47. Bxa4 Rb7 48. b3 Rc7 49. Re5 Rf5 50. Re2 Rf1+ 51. Kb2 Rcc1 52. Re5 Rce1 53. Rxa5+ Kb7 54. Rh5 Kc7 55. Rxh7 Kd6 56. Nb6 Kxe6 57. Rh6+ Ke5 58. Nc4+ Kd4 59. Rd6+ Nd5 60. Rxd5+ Kxd5 61. Ka3 Kc5 62. Nd2 Rf2 63. b4+ Kd4 64. Nb3+ Kc3 65. Bb5 Rb2 66. Ba4 Reb1 67. b5 Rxb3+ 68. Bxb3 Rxb3+ 69. Ka4 Kc4 0-1

[Event "Manises Provincial-ch"]
[Site "Manises"]
[Date "2011.10.01"]
[Round "1"]
[White "Villalba Izquierdo, Pere"]
[Black "Aparisi Arnandis, Bernardo"]
[Result "1-0"]
[WhiteElo "2169"]
[BlackElo "2048"]
[PlyCount "61"]
[EventDate "2011.10.01"]
[EventType "swiss"]
[EventRounds "7"]
[EventCountry "ESP"]
[SourceTitle "EXT 2013"]
[Source "ChessBase"]
[SourceDate "2012.11.22"]
[SourceVersion "1"]
[SourceVersionDate "2012.11.22"]
[SourceQuality "1"]

1. e4 c5 2. Nc3 Nc6 3. Nf3 g6 4. d4 cxd4 5. Nxd4 Bg7 6. Be3 d6 7. Qd2 Nf6 8. f3 Bd7 9. 0-0-0 0-0 10. g4 Nxd4 11. Bxd4 Qa5 12. Kb1 Ne8 13. Nd5 Qd8 14. Bxg7 Nxg7 15. h4 h5 16. gxh5 Nxh5 17. Nf4 Nxf4 18. Qxf4 Qa5 19. h5 Be6 20. hxg6 Qxa2+ 21. Kc1 Qa1+ 22. Kd2 Qa5+ 23. c3 fxg6 24. Rh8+ Kg7 25. Qh6+ Kf7 26. Rh7+ Ke8 27. Qg7 Qg5+ 28. Kc2 Qf6 29. Bb5+ Kd8 30. Qxf6 exf6 31. Rxd6+ 1-0

[Event "La Roda op 33rd"]
[Site "La Roda"]
[Date "2006.04.13"]
[Round "2.6"]
[White "Castellanos Rodriguez, Renier"]
[Black "Villalba Izquierdo, Pere"]
[Result "1-0"]
[WhiteElo "2467"]
[BlackElo "2181"]
[PlyCount "49"]
[EventDate "2006.04.12"]
[EventType "swiss"]
[EventRounds "9"]
[EventCountry "ESP"]
[SourceTitle "CBM 111 Extra"]
[Source "ChessBase"]
[SourceDate "2006.05.09"]
[SourceVersion "1"]
[SourceVersionDate "2006.05.09"]
[SourceQuality "1"]

1. e4 g6 2. d4 Bg7 3. Nc3 c6 4. Be3 d6 5. Qd2 b5 6. Bd3 a6 7. h3 Nd7 8. a4 b4 9. Nce2 a5 10. Nf3 Ngf6 11. Bh6 0-0 12. e5 Nd5 13. h4 dxe5 14. h5 Nf4 15. Bxg7 Kxg7 16. Nxf4 exf4 17. Qxf4 Rh8 18. 0-0-0 Nf6 19. Ne5 Be6 20. Nxc6 Qd7 21. Bb5 Qb7 22. h6+ Kf8 23. Rhe1 Nd5 24. Qf3 Kg8 25. Re5 1-0

[Event "La Pobla de Vallbona op"]
[Site "La Pobla de Vallbona"]
[Date "2004.10.??"]
[Round "7"]
[White "Villalba Izquierdo, Pere"]
[Black "Martinez Gil, Joaquin"]
[Result "1/2-1/2"]
[WhiteElo "2168"]
[BlackElo "2058"]
[PlyCount "28"]
[EventDate "2004.10.??"]
[EventType "swiss"]
[EventRounds "8"]
[EventCountry "ESP"]
[SourceTitle "EXT 2006"]
[Source "ChessBase"]
[SourceDate "2005.11.24"]
[SourceVersion "1"]
[SourceVersionDate "2005.11.24"]
[SourceQuality "1"]

1. e4 e6 2. d4 c5 3. Nf3 cxd4 4. Nxd4 a6 5. Nc3 Qc7 6. Bd3 Nc6 7. Be3 Nf6 8. 0-0 Bd6 9. Nxc6 dxc6 10. f4 e5 11. f5 Bd7 12. a4 g5 13. Qf3 h6 14. Rad1 Bb4 1/2-1/2

[Event "La Pobla de Vallbona op"]
[Site "La Pobla de Vallbona"]
[Date "2004.10.??"]
[Round "2"]
[White "Villalba Izquierdo, Pere"]
[Black "Pallardo Lozoya, Jose Vicente"]
[Result "1/2-1/2"]
[WhiteElo "2168"]
[BlackElo "2257"]
[PlyCount "113"]
[EventDate "2004.10.??"]
[EventType "swiss"]
[EventRounds "8"]
[EventCountry "ESP"]
[SourceTitle "EXT 2006"]
[Source "ChessBase"]
[SourceDate "2005.11.24"]
[SourceVersion "1"]
[SourceVersionDate "2005.11.24"]
[SourceQuality "1"]

1. e4 e6 2. d4 d5 3. exd5 exd5 4. Nf3 c6 5. Bd3 Bd6 6. 0-0 Ne7 7. c4 0-0 8. Nc3 dxc4 9. Bxc4 Nd7 10. Bg5 Nb6 11. Bb3 Bg4 12. h3 Bh5 13. Re1 Kh8 14. g4 f6 15. gxh5 fxg5 16. Nxg5 Ned5 17. Ne6 Qh4 18. Ne4 Nf4 19. Nxf4 Qxf4 20. Nxd6 Qxd6 21. Re4 Rf6 22. Qg4 Raf8 23. Qg3 Qd8 24. Rae1 Nd5 25. Bxd5 Qxd5 26. Re8 Qxh5 27. R1e7 Qh6 28. Rxf8+ Rxf8 29. Rxb7 Qf6 30. Rb8 h6 31. Rxf8+ Qxf8 32. Qc7 Qa8 33. b4 a6 34. Kf1 Kh7 35. Ke2 Qe8+ 36. Qe5 Qg6 37. a3 Qc2+ 38. Kf3 Qa4 39. Kf4 Qxa3 40. Qe4+ Kh8 41. Qxc6 Qxb4 42. Ke5 a5 43. d5 Qe1+ 44. Kd6 Qxf2 45. Qa8+ Kh7 46. Qxa5 Qg3+ 47. Kc6 Qxh3 48. d6 Qc8+ 49. Qc7 Qe6 50. Kb7 Qe4+ 51. Qc6 Qb4+ 52. Kc8 Qg4+ 53. d7 h5 54. Qd5 h4 55. Kd8 h3 56. Ke8 Qg6+ 57. Kf8 1/2-1/2

[Event "Cullera op-A 25th"]
[Site "Cullera"]
[Date "2004.07.28"]
[Round "8"]
[White "Villalba Izquierdo, Pere"]
[Black "Garcia Gata, Jorge David"]
[Result "1-0"]
[WhiteElo "2188"]
[BlackElo "2064"]
[PlyCount "77"]
[EventDate "2004.07.??"]
[EventType "swiss"]
[EventRounds "9"]
[EventCountry "ESP"]
[SourceTitle "CBM 101 Extra"]
[Source "ChessBase"]
[SourceDate "2004.09.01"]
[SourceVersion "2"]
[SourceVersionDate "2004.09.01"]
[SourceQuality "1"]

1. e4 c5 2. Nc3 Nc6 3. Nf3 g6 4. d4 cxd4 5. Nxd4 Bg7 6. Be3 d6 7. Qd2 Nf6 8. f3 0-0 9. Bc4 Bd7 10. 0-0-0 Rc8 11. Bb3 Ne5 12. Kb1 Nc4 13. Bxc4 Rxc4 14. g4 b5 15. b3 Rc8 16. Ndxb5 Qa5 17. a4 a6 18. Nd5 Qxd2 19. Nxe7+ Kh8 20. Rxd2 axb5 21. Nxc8 Rxc8 22. Rxd6 bxa4 23. g5 Nxe4 24. fxe4 Bc6 25. Rhd1 Be5 26. Rd8+ Rxd8 27. Rxd8+ Kg7 28. Bd4 Bxd4 29. Rxd4 axb3 30. cxb3 h6 31. gxh6+ Kxh6 32. Kc2 Kg5 33. Kc3 Kf4 34. Rd6 Bxe4 35. Rf6+ Kg4 36. Rxf7 g5 37. Rf8 Kh3 38. Rh8+ Kg2 39. Rg8 1-0

[Event "Cullera op-A 25th"]
[Site "Cullera"]
[Date "2004.07.26"]
[Round "6"]
[White "Villalba Izquierdo, Pere"]
[Black "Remoli Sargues, Francisco"]
[Result "1-0"]
[WhiteElo "2188"]
[BlackElo "2039"]
[PlyCount "95"]
[EventDate "2004.07.??"]
[EventType "swiss"]
[EventRounds "9"]
[EventCountry "ESP"]
[SourceTitle "CBM 101 Extra"]
[Source "ChessBase"]
[SourceDate "2004.09.01"]
[SourceVersion "2"]
[SourceVersionDate "2004.09.01"]
[SourceQuality "1"]

1. e4 d6 2. Nc3 Nf6 3. d4 e5 4. Nge2 Nbd7 5. f3 Be7 6. Be3 c6 7. Qd2 Qc7 8. g4 exd4 9. Nxd4 Nb6 10. g5 Nfd7 11. f4 Nc5 12. 0-0-0 Bg4 13. Re1 0-0-0 14. h3 Be6 15. b3 Kb8 16. Bg2 Bc8 17. Kb1 f6 18. h4 Ka8 19. a4 Bd7 20. f5 Na6 21. h5 c5 22. Ndb5 Bxb5 23. Nxb5 Qb8 24. h6 Bf8 25. hxg7 Bxg7 26. Rh3 Nc7 27. Nc3 Rd7 28. Reh1 fxg5 29. a5 Nc8 30. Bxg5 Be5 31. Bf4 Rf7 32. Bxe5 dxe5 33. Bf3 b6 34. a6 Nxa6 35. Qd5+ Rb7 36. Rxh7 Nb4 37. Qxb7+ Qxb7 38. Rxh8 c4 39. Rf8 cxb3 40. cxb3 Qa6 41. Rd8 Kb8 42. Rhh8 Kb7 43. Be2 Qa3 44. Bc4 b5 45. Rh7+ Kb6 46. Be6 Nc6 47. Rxc8 b4 48. Na4+ 1-0

[Event "Mislata op-B 11th"]
[Site "Mislata"]
[Date "2003.??.??"]
[Round "7.1"]
[White "Ferrer Moreno, Jose"]
[Black "Villalba Izquierdo, Pere"]
[Result "1-0"]
[WhiteElo "2147"]
[BlackElo "2164"]
[PlyCount "55"]
[EventDate "2003.08.19"]
[EventType "swiss"]
[EventRounds "9"]
[EventCountry "ESP"]
[SourceTitle "EXT 2004"]
[Source "ChessBase"]
[SourceDate "2003.11.25"]
[SourceVersion "1"]
[SourceVersionDate "2003.11.25"]
[SourceQuality "1"]

1. d4 d6 2. e4 g6 3. c4 Bg7 4. f4 e5 5. dxe5 dxe5 6. Qxd8+ Kxd8 7. Nc3 c6 8. Nf3 Nd7 9. fxe5 Nxe5 10. Bg5+ Ne7 11. 0-0-0+ Ke8 12. c5 Bg4 13. Be2 Bxf3 14. gxf3 f6 15. Be3 g5 16. h4 h6 17. h5 Rd8 18. f4 Rxd1+ 19. Rxd1 Nd7 20. Bg4 f5 21. exf5 Nf6 22. Bd4 Nxg4 23. Bxg7 Rg8 24. f6 Nf5 25. Rg1 Nxg7 26. fxg7 Nf6 27. fxg5 Rxg7 28. Re1+ 1-0

[Event "Albacete op 10th"]
[Site "Albacete"]
[Date "2002.09.02"]
[Round "2"]
[White "Pogorelov, Ruslan"]
[Black "Villalba Izquierdo, Pere"]
[Result "1-0"]
[WhiteElo "2453"]
[BlackElo "2159"]
[PlyCount "59"]
[EventDate "2002.09.01"]
[EventType "swiss"]
[EventRounds "9"]
[EventCountry "ESP"]
[SourceTitle "EXT 2003"]
[Source "ChessBase"]
[SourceDate "2002.11.25"]
[SourceVersion "1"]
[SourceVersionDate "2002.11.25"]
[SourceQuality "1"]

1. Nf3 d6 2. d4 Bg4 3. c4 Bxf3 4. exf3 g6 5. Nc3 Bg7 6. Be3 e6 7. Qb3 Qc8 8. d5 Ne7 9. c5 Nxd5 10. Nxd5 exd5 11. Qxd5 0-0 12. 0-0-0 Nc6 13. cxd6 cxd6 14. Kb1 Qc7 15. Qxd6 Qa5 16. Qc5 Qc7 17. Bb5 Rfc8 18. h4 a6 19. Bxc6 Qxc6 20. Qxc6 Rxc6 21. h5 Rac8 22. Rd7 R6c7 23. Rhd1 Bf6 24. g4 Kf8 25. g5 Be7 26. hxg6 hxg6 27. R7d5 Ke8 28. Rh1 Rd7 29. Rh8+ Bf8 30. Rxf8+ 1-0

[Event "Cullera op 23rd"]
[Site "Valencia"]
[Date "2002.07.22"]
[Round "5"]
[White "Villalba Izquierdo, Pere"]
[Black "Belezky, Alexander"]
[Result "1-0"]
[WhiteElo "2159"]
[BlackElo "2390"]
[PlyCount "67"]
[EventDate "2002.07.18"]
[EventType "swiss"]
[EventRounds "9"]
[EventCountry "ESP"]
[SourceTitle "CBM 089 Extra"]
[Source "ChessBase"]
[SourceDate "2002.09.10"]
[SourceVersion "2"]
[SourceVersionDate "2002.09.10"]
[SourceQuality "1"]

1. e4 c5 2. Nc3 Nc6 3. Nf3 g6 4. d4 cxd4 5. Nxd4 Bg7 6. Be3 d6 7. Qd2 Nf6 8. f3 Bd7 9. Bc4 Rc8 10. Bb3 Ne5 11. 0-0-0 a6 12. Bh6 Bxh6 13. Qxh6 b5 14. f4 Neg4 15. Qg7 Rf8 16. e5 dxe5 17. fxe5 Nxe5 18. Rhe1 Qc7 19. Rd2 b4 20. Rde2 bxc3 21. Rxe5 cxb2+ 22. Kb1 Qd6 23. Nf3 Ng4 24. Rxe7+ Qxe7 25. Rxe7+ Kxe7 26. Ng5 Nf6 27. Nxf7 Rg8 28. Qh6 Rb8 29. Qe3+ Kf8 30. Nh6 Rh8 31. g4 Re8 32. Qd4 Kg7 33. g5 Rhf8 34. Nf7 1-0